logo

Bir Sreshtho Munshi Abdur Rouf Library
Jhenaidah Cadet College

Physics : (Record no. 12207)

MARC details
000 -LEADER
fixed length control field 00695nam a2200229 a 4500
003 - CONTROL NUMBER IDENTIFIER
JCCL marc code BD-JhCC
005 - DATE AND TIME OF LATEST TRANSACTION
control field 20220804134024.0
008 - FIXED-LENGTH DATA ELEMENTS--GENERAL INFORMATION
fixed length control field 210323s20142019bg |||| |||| 000 0 eng d
020 ## - INTERNATIONAL STANDARD BOOK NUMBER
International Standard Book Number 9879843337122
035 ## - SYSTEM CONTROL NUMBER
system control number (BD-JhCC)
040 ## - CATALOGING SOURCE
Original cataloging agency BD-JhCC
Modifying agency BD-JhCC
041 ## - LANGUAGE CODE
Language code of Book eng
082 ## - DEWEY DECIMAL CLASSIFICATION NUMBER
Classification number 530.1
Author mark and Year TAP 2019
100 ## - MAIN ENTRY--PERSONAL NAME
Personal name Tapan, Shahjahan
245 ## - TITLE STATEMENT
Title Physics :
Remainder of title eleven twelve classes First paper /
Statement of responsibility, etc Shahjahan Tapan, Muhammad Aziz Hassan and Rana Chowdhury
260 ## - PUBLICATION, DISTRIBUTION, ETC. (IMPRINT)
Place of publication, distribution, etc Dhaka :
Name of publisher, distributor, etc Hassan Book House,
Date of publication, distribution, etc 2019.
300 ## - PHYSICAL DESCRIPTION
Pagination XII, 664 p. :
Other physical details ill. ;
Dimensions 22 cm.
650 ## - SUBJECT ADDED ENTRY--TOPICAL TERM
Topical term or geographic name as entry element Physic - study and teaching
700 ## - ADDED ENTRY--PERSONAL NAME
Personal name Hassan, Muhammad Aziz
700 ## - ADDED ENTRY--PERSONAL NAME
Personal name Chowdhury, Rana
942 ## - ADDED ENTRY ELEMENTS (KOHA)
Source of classification or shelving scheme Dewey Decimal Classification
Koha item type Books
Koha issues (borrowed), all copies 2
Holdings
Source of classification or shelving scheme Damaged status Not for loan Home library Current library Shelving location Date of accession Cost, normal purchase price Total Checkouts Full call number Barcode Checked out Date last seen Date checked out Copy number Koha item type
Dewey Decimal Classification     JCC Rouf Library JCC Rouf Library General Stacks 03/23/2021 304.00 7 530.1 TAP 2019 15616 02/16/2026 01/22/2026 01/22/2026 C-1 Books

JCC Library | Contacts | JCC Home

Last Update on 23 September 2017
Copyright @ 2017-2020 JCC Rouf Library
Rouf Library, Jhenidah Cadet College (JCC), Bangladesh